Famous daughters Quiz Stats

 Plays Quiz not verified by Sporcle

Score 0/22 Timer 06:00
0 Plays Today
Mother/Father Daughter % Correct
Billy Ray CyrusMiley Cyrus
91%
Aaron SpellingTori Spelling
83.9%
Steven TylerLiv Tyler
81.7%
Lionel RichieNicole Richie
81.3%
Goldie HawnKate Hudson
80.7%
Jon VoightAngelina Jolie
80.1%
Ozzy OsbourneKelly Osbourne
74.3%
Paul McCartneyStella McCartney
65.1%
Janet LeighJamie Lee Curtis
64.1%
Bruce DernLaura Dern
61%
Blythe DannerGwyneth Paltrow
60.2%
Mother/Father Daughter % Correct
Paul SorvinoMira Sorvino
56.6%
Judy GarlandLiza Minnelli
55.4%
Debbie ReynoldsCarrie Fisher
47.8%
Ron HowardBryce Dallas Howard
41.2%
Tippi HedrenMelanie Griffith
40.4%
Ravi ShankarNorah Jones
39.6%
Keith AllenLily Allen
24.5%
Dario ArgentoAsia Argento
20.9%
Susan SarandonEva Amurri
17.9%
Geoffrey LewisJuliette Lewis
17.5%
Pablo PicassoPaloma Picasso
15.5%

You're not logged in!

Compare scores with friends on all Sporcle quizzes.
OR
Log In

Show Comments

Extras

Created Nov 2, 2010ReportNominate
Tags:Famous Quiz, daughter, father, mother

Top Quizzes Today


Score Distribution

Your Account Isn't Verified!

In order to create a playlist on Sporcle, you need to verify the email address you used during registration. Go to your Sporcle Settings to finish the process.

Report this User

Report this user for behavior that violates our Community Guidelines.

Details: